Catalog

Record Details

Catalog Search



I am not your perfect Mexican daughter / Erika L. ... Read More

Available copies

  • 3 of 3 copies available at LARL/NWRL Consortium.
  • 2 of 2 copies available at Lake Agassiz Regional Library. (Show preferred library)

Current holds

0 current holds with 3 total copies.

Show Only Available Copies
Location Call Number / Copy Notes Barcode Shelving Location Status Due Date
Crookston Public Library Y SAN (Text) 33500013623541 Main Available -
Moorhead Public Library Y SAN (Text) 33500012603346 Main Available -
Thief River Falls Public Library ya SAN (Text) 35500005969074 Main Available -

Record details

  • ISBN: 9781524700485
  • ISBN: 1524700487
  • ISBN: 9781524700492
  • ISBN: 1524700495
  • Physical Description: 344 pages ; 22 cm
  • Edition: First edition.
  • Publisher: New York : Alfred A. Knopf, an imprint of Random House Children's Books, [2017]

Content descriptions

Summary, etc.:
Perfect Mexican daughters do not go away to ... Read More
Subject: Mothers and daughters > Juvenile fiction.
Sisters > Death > Juvenile fiction.
Grief > Juvenile fiction.
Mexican Americans > Juvenile fiction.
Mexican American families > Juvenile fiction.
Chicago (Ill.) > Juvenile fiction.
Mothers and daughters > Fiction.
Grief > Fiction.
Grief
Mothers and daughters.
YOUNG ADULT FICTION / Family / Siblings.
YOUNG ADULT FICTION / People & Places / United States / Hispanic & Latino.
YOUNG ADULT FICTION / Social Themes / Death & Dying.
Grief > Fiction.
Sisters > Fiction.
Mexican Americans > Fiction.
Mothers and daughters > Fiction.
Genre: Fiction.
Juvenile works.
Domestic fiction.
Young adult fiction.
Novels.
Fiction.
LDR 03369cam a2200733Ii 4500
001267467
003LARL_NWRL_CONSORTIUM
00520171109205343.0
008170127t20172017nyu d 000 f eng d
040 . ‡aYDX ‡beng ‡erda ‡cYDX ‡dBTCTA ‡dCHILD ‡dORX ‡dBDX ‡dOCLCF ‡dCHY ‡dUAP ‡dIFK ‡dIGA ‡dLNC ‡dRB0 ‡dKVIJL ‡dILC ‡dBUR ‡dWVU ‡dEHH ‡dNZAUC ‡dWAU ‡dIUL
019 . ‡a970036796
020 . ‡a9781524700485 ‡q(hardcover)
020 . ‡a1524700487 ‡q(hardcover)
020 . ‡a9781524700492 ‡q(library binding)
020 . ‡a1524700495 ‡q(library binding)
035 . ‡a(OCoLC)970033983 ‡z(OCoLC)970036796
08214. ‡a[Fic] ‡223
1001 . ‡aSánchez, Erika L., ‡eauthor. ‡0(LARL_NWRL_CONSORTIUM)223716
24510. ‡aI am not your perfect Mexican daughter / ‡cErika L. Sánchez.
2463 . ‡aI'm not your perfect Mexican daughter
250 . ‡aFirst edition.
264 1. ‡aNew York : ‡bAlfred A. Knopf, an imprint of Random House Children's Books, ‡c[2017]
264 4. ‡c©2017
300 . ‡a344 pages ; ‡c22 cm
336 . ‡atext ‡btxt ‡2rdacontent
337 . ‡aunmediated ‡bn ‡2rdamedia
338 . ‡avolume ‡bnc ‡2rdacarrier
385 . ‡nage ‡aTeenagers ‡2lcsh
386 . ‡neth ‡aMexican Americans ‡2lcdgt
386 . ‡ngdr ‡aWomen ‡2lcdgt
520 . ‡aPerfect Mexican daughters do not go away to college. And they do not move out of their parents' house after high school graduation. Perfect Mexican daughters never abandon their family. But Julia is not your perfect Mexican daughter. That was Olga's role. Then a tragic accident on the busiest street in Chicago leaves Olga dead and Julia left behind to reassemble the shattered pieces of her family. And no one seems to acknowledge that Julia is broken, too. Instead, her mother seems to channel her grief into pointing out every possible way Julia has failed.
650 0. ‡aMothers and daughters ‡vJuvenile fiction. ‡0(LARL_NWRL_CONSORTIUM)173483
650 0. ‡aSisters ‡xDeath ‡vJuvenile fiction.
650 0. ‡aGrief ‡vJuvenile fiction. ‡0(LARL_NWRL_CONSORTIUM)172356
650 0. ‡aMexican Americans ‡vJuvenile fiction. ‡0(LARL_NWRL_CONSORTIUM)166196
650 0. ‡aMexican American families ‡vJuvenile fiction.
651 0. ‡aChicago (Ill.) ‡vJuvenile fiction.
650 1. ‡aMothers and daughters ‡vFiction. ‡0(LARL_NWRL_CONSORTIUM)166030
650 1. ‡aGrief ‡vFiction. ‡0(LARL_NWRL_CONSORTIUM)165491
650 7. ‡2fast ‡aGrief ‡0(LARL_NWRL_CONSORTIUM)178897
650 7. ‡aMothers and daughters. ‡2fast ‡0(LARL_NWRL_CONSORTIUM)26128
650 7. ‡aYOUNG ADULT FICTION / Family / Siblings. ‡2bisacsh
650 7. ‡aYOUNG ADULT FICTION / People & Places / United States / Hispanic & Latino. ‡2bisacsh
650 7. ‡aYOUNG ADULT FICTION / Social Themes / Death & Dying. ‡2bisacsh
650 4. ‡aGrief ‡vFiction. ‡0(LARL_NWRL_CONSORTIUM)165491
650 4. ‡aSisters ‡vFiction. ‡0(LARL_NWRL_CONSORTIUM)167281
650 4. ‡aMexican Americans ‡vFiction. ‡0(LARL_NWRL_CONSORTIUM)166010
650 4. ‡aMothers and daughters ‡vFiction. ‡0(LARL_NWRL_CONSORTIUM)166030
655 7. ‡aFiction. ‡2fast
655 7. ‡aJuvenile works. ‡2fast
655 7. ‡aDomestic fiction. ‡2lcgft
655 0. ‡aYoung adult fiction.
655 7. ‡aNovels. ‡2lcgft
655 7. ‡aFiction. ‡2lcgft
901 . ‡a267467 ‡bOCoLC ‡c267467 ‡tbiblio ‡soclc

Additional Resources